| 000 | 00000nam##2200000za#4500 |
| 001 | 9.691828 |
| 003 | CaOODSP |
| 005 | 20210624232936 |
| 007 | cr ||||||||||| |
| 008 | 150407|2006||||xxc|||||o f|0| 0 eng|d |
| 020 | |a978-1-896997-53-7 |
| 040 | |aCaOODSP|beng |
| 043 | |an-cn--- |
| 086 | 1 |aEn108-4/43-2006E-PDF |
| 110 | 1 |aCanada.|bCanadian Council of Ministers of the Environment. |
| 245 | 10|aRecommended principles on contaminated sites liability |h[electronic resource] |
| 260 | |bCanadian Council of Ministers of the Environment |c2006. |
| 300 | |a18p.|bfigs. (some coloured) |
| 590 | |a10-14-Supp|b2010-12-03 |
| 690 | 07|aLiability|2gcpds |
| 690 | 07|aPollution|2gcpds |
| 775 | 08|tPropositions de principes sur la responsabilité à l'égard des lieux contaminés |w(CaOODSP)9.636127 |
| 856 | 40|ahttp://publications.gc.ca|qPDF|s109 KB|uhttps://publications.gc.ca/collections/collection_2010/ccme/En108-4-43-2006-eng.pdf |
| 986 | |aPN 1361 |